| 000 | 00916nam a2200193 4500 | ||
|---|---|---|---|
| 001 | 121014 | ||
| 003 | ES-MaACL | ||
| 005 | 20230906191653.0 | ||
| 007 | t| | ||
| 008 | 070214s1942 gw r ||||1| ger d | ||
| 245 | 0 | 0 |
_aDie Preiserzèahlung _b: neun preisgekrönte Erzèahlungen : novellen. |
| 260 |
_aLeipzig : _bBernhard Tauchnitz, _c1942. |
||
| 300 |
_a293 p. ; _c19 cm. |
||
| 490 | 1 |
_aDer deutsche Tauchnitz ; _v126 |
|
| 505 | 8 | _aContiene: Die Schiffe verbrennen / Friedrich Michael. Der Ruf des Reiches / Hubert Mumelter. Das Doppelschicksal / Carl Haensel. Der Feueruberfall / Georg von der Vring. Die unruhige Wohnung / Erwin Wittstock. Die Nachtwach / Erich Naujoks. Hohwinkel / Werner Bergengruen. Leiningens Kampf mit den Ameisen / C. Stephenson. Der Fischkasten / Eugen Roth | |
| 830 | 0 |
_aDer deutsche Tauchnitz ; _v126 _9182699 |
|
| 852 |
_aES-MaACL _jF-15723 _bR.19921 |
||
| 999 |
_c121014 _d121014 |
||